000 00486nam a22001817a 4500
005 20240701093218.0
008 240701b |||||||| |||| 00| 0 eng d
020 _a0-333-77822-7
082 _a330.015
_bKOU-T
100 _aKoutsoyiannis, A.
245 _aTheory of Econometrics/
_cA.Koutsoyiannis
250 _a2nd ed.
260 _aInda;
_bPalgrave Publishers;
_c2007.
300 _axvii, 681p.:
_bill;
_c21 cm.
500 _aInclude Index
650 _aEconomics
999 _c35991
_d35991